Slimáci svet športu neoplýva len príbehmi víťazov

Podrobná bibliografia
Hlavný autor: Hríbik, Rastislav (Autor)
Médium: Článok
Jazyk:slovenčina
Fyzický popis:Fotogr.
ISSN:1210-4040
Predmet:
On-line prístup:http://plus7dni.pluska.sk/plus7dni/sport/2011/slimaci.html

MARC

LEADER 00000nab a2200000 a 4500
001 vtls010334697
003 SK-MaSNL
005 20260303091404.0
008 120113c2011 xo wrzp 0 0slo
015 |a SNBRB2012/01  |2 rvgkpd 
038 |a RVGKPD 
040 |a RVGKPD  |b slo  |c RVGKPD  |e AACR2 
041 0 |a slo 
044 |a xo  |c SK 
080 |a 796.032.2  |2 1997 
080 |a 796.056.1  |2 1997 
100 1 |a Hríbik, Rastislav  |4 aut  |9 370347 
245 1 0 |a Slimáci  |b svet športu neoplýva len príbehmi víťazov  |c Rastislav Hríbik 
300 |b Fotogr. 
650 0 7 |a olympijské hry  |2 rvgkpd  |9 3300 
650 0 7 |a športovci  |2 rvgkpd  |9 1043 
773 0 |t Plus 7 dní  |g Roč. XX, č. 51-52 (2011), s. 70-73  |x 1210-4040 
852 |a RVGKPD  |b KIS3G 
856 4 1 |u http://plus7dni.pluska.sk/plus7dni/sport/2011/slimaci.html 
992 |a RBX 
999 |c 1807331  |d 1809261